000 00730nam a2200169Ia 4500
999 _c10043
_d10043
005 20231202090839.0
008 231130s9999 xx 000 0 und d
040 _aUPAN
_cBiblioteca San Vicente
_eRCAA2
041 _aspa
082 _a027.7
_bPin
_c2008
100 _aPineda Murcia, Pedro de Jesús
_4aut.
245 0 _aLa falta de normas para evaluar bibliotecas universitarias, afecta la medición de la calidad y desarrollo de las mismas. Estudio a realizarse en las instituciones de educación superior de El Salvador en el periodo de Enero a Agosto del año 2009.
260 _aSan Sanvador:
_bUniversidad Panamericana,
_c2009
300 _a165 p.;
_c23 cm.
650 _2LEMB
_aBibliotecas Universitarias
942 _cBK
_2ddc